FC Lorient XI de départ (2010-2022) - Statistiques

Statistiques générales
  • Ce quiz a été pris 387 fois
  • Le résultat moyen est 30 sur 71
Statistiques - réponses
Hint Réponse % Correct
Terem Moffi
90%
Vincent Le Goff
81%
Enzo Le Fée
80%
Laurent Abergel
80%
Paul Nardi
78%
GAR Fabien Audard
77%
Benjamin Lecomte
75%
Julien Laporte
73%
Kévin Gameiro
70%
Lamine Koné
66%
Raphaël Guerreiro
66%
Benjamin Moukandjo
65%
Ibrahima Koné
65%
Armand Laurienté
64%
Vincent Aboubakar
64%
Jérémie Aliadiere
60%
ATT Bruno Ecuélé Manga
59%
Fabien Lemoine
59%
Yoane Wissa
57%
Illan Meslier
56%
Jérémy Morel
56%
Pierre-Yves Hamel
56%
Bonke Innocent
55%
Danijel Petković
55%
Majeed Waris
55%
Igor Silva
48%
Jordan Ayew
48%
Yann Jouffre
46%
Jimmy Cabot
45%
Kévin Monnet-Paquet
43%
Didier Ndong
41%
Houboulang Mendes
40%
Jérôme Hergault
38%
Sigamary Diarra
38%
Trevoh Chalobah
38%
Mattéo Guendouzi
37%
Wesley Lautoa
37%
Lamine Gassama
36%
Zargo Touré
36%
Alaixys Romao
35%
Michaël Ciani
35%
Morgan Amalfitano
34%
Walid Mesloub
33%
Arnold Mvuemba
32%
Léo Pétrot
31%
Benjamin Jeannot
30%
DEF Maxime Baca
30%
Alexis Claude Maurice
29%
MIL Grégory Bourillon
28%
Andreaw Gravillon
26%
Felipe Saad
26%
Matthieu Saunier
26%
Joel Campbell
25%
Lindsay Rose
25%
Lindsay Rose
25%
Steven Moreira
23%
Mathieu Coutadeur
22%
Maxime Barthelmé
22%
Franklin Wadja
21%
Sylvain Marveaux
20%
François Bellugou
18%
Mehdi Mostefa
18%
Jonathan Delaplace
17%
Lucas Mareque
17%
Mathias Autret
16%
Sidy Sarr
16%
Romain Philippoteaux
13%
Benjamin Corgnet
12%
Maxime Etuin
12%
Lynel Kitambala
11%
Mohammed Abu
8%
Aucun quiz correspondant
Distribution des résultats
% des personnes avec chaque résultat
Percentile par nombre de réponses
Votre historique - résultats
Vous n’avez pas pris ce quiz